Các nguyên tắc và các phương pháp áp dụng pháp luật đất đai 2016

Sách trình bày các nội dung về nguyên tắc và phương pháp áp dụng pháp luật đất đai. Các văn bản hướng dẫn thi hành Luật Đất đai được áp dụng phổ biến.

Guardat en:
Dades bibliogràfiques
Autor principal: Vũ Duy Khang
Format: Llibre
Idioma:Vietnamese
Publicat: H. Hồng đức 2016
Matèries:
Etiquetes: Afegir etiqueta
Sense etiquetes, Sigues el primer a etiquetar aquest registre!
Thư viện lưu trữ: Thư viện Trường Đại học Nam Cần Thơ
LEADER 00997nam a22001937a 4500
001 NCT_92154
008 211019b xxu||||| |||| 00| 0 vie d
999 |c 4554  |d 4554 
020 |a 9786048693688  |c 350000 
082 0 4 |2 23rd ed.  |a 346.597043  |b Kh106 
100 1 |a Vũ Duy Khang 
245 1 0 |a Các nguyên tắc và các phương pháp áp dụng pháp luật đất đai 2016  |c Vũ Duy Khang 
260 |a H.  |b Hồng đức  |c 2016 
300 |a 535 tr.  |c 28cm 
520 3 |a Sách trình bày các nội dung về nguyên tắc và phương pháp áp dụng pháp luật đất đai. Các văn bản hướng dẫn thi hành Luật Đất đai được áp dụng phổ biến. 
653 |a Luật học 
942 |2 ddc  |c BK 
952 |0 0  |1 0  |2 ddc  |4 0  |6 346_597043000000000_KH106  |7 0  |9 21631  |a 000001  |b 000001  |d 2021-10-19  |o 346.597043 Kh106  |p MD.18838  |r 2021-10-19  |v 350000.00  |w 2021-10-19  |y BK 
980 |a Thư viện Trường Đại học Nam Cần Thơ